People in Pictures with Wilhelm II - Statistics

General Stats
  • This quiz has been taken 62 times
  • The average score is 10 of 17
Answer Stats
Picture Hint Answer % Correct
Russian Empire Nicholas II
89%
Kingdom of Italy Victor Emmanuel III
81%
German Empire Otto von Bismarck
79%
United Kingdom Queen Victoria
79%
Austria-Hungary Franz Ferdinand
75%
United Kingdom Edward VII
66%
German Empire Paul von Hindenburg
64%
Austria-Hungary Franz Joseph I
62%
Belgium Leopold II
62%
German Empire Frederick III | Wilhelm I
58%
United Kingdom Winston Churchill
47%
German Empire Erich Ludendorff
45%
Denmark Christian X
43%
Ottoman Empire Ismail Enver Pasha
42%
Ottoman Empire Mehmed V
38%
Austria-Hungary/Israel Theodor Herzl
38%
Spain Alfonso XIII
34%
No matching quizzes found
Score Distribution
Percent of People with Each Score
Percentile by Number Answered
Your Score History
You have not taken this quiz